000 nam a22 7a 4500
999 _c16290
_d16290
008 161109b xxu||||| |||| 00| 0 eng d
020 _a9780138147228
050 _aHF 5549 .M3132 2010
100 _aDessler, Gary.
245 _aManagement of human resources/
_cGary Dessler, Carolin Rekar Munro and Nina D. Cole.
250 _a3rd ed.
260 _aToronto :
_bPearson Canada ,
_c2010.
300 _axiv, 449p. :
_bill. ;
500 _aInclude index.
650 _aPersonnel management
_xtextbooks.
650 _aPersonnel management
_xCanada
_ytextbooks.
700 _aMunro, Carolin Rekar.
700 _aCole, Nina D.
942 _2lcc
_cBOOKS
_hHF 5549 .M3132 2010